Economic analysis of environmental impacts / (Record no. 2374)

MARC details
000 -LEADER
fixed length control field 00738nam a2200205 4500
001 - CONTROL NUMBER
control field 2956
005 - DATE AND TIME OF LATEST TRANSACTION
control field 20181127170133.0
008 - FIXED-LENGTH DATA ELEMENTS--GENERAL INFORMATION
fixed length control field 880725s1986 ph a b 000 0 eng
010 ## - LIBRARY OF CONGRESS CONTROL NUMBER
LC control number 88165576
043 ## - GEOGRAPHIC AREA CODE
Geographic area code a------
245 00 - TITLE STATEMENT
Title Economic analysis of environmental impacts /
Statement of responsibility, etc. John A. Dixon.
260 ## - PUBLICATION, DISTRIBUTION, ETC.
Place of publication, distribution, etc. London :
Name of publisher, distributor, etc. Asian Development Bank,
Date of publication, distribution, etc. 2006.
300 ## - PHYSICAL DESCRIPTION
Extent xii, 210 :
Other physical details ill. ;
Dimensions 28 cm.
440 #0 - SERIES STATEMENT/ADDED ENTRY--TITLE
Title Asian Development Bank economic staff paper ;
Volume/sequential designation no. 31
504 ## - BIBLIOGRAPHY, ETC. NOTE
Bibliography, etc. note Bibliography: p. 193-200.
650 #0 - SUBJECT ADDED ENTRY--TOPICAL TERM
Topical term or geographic name entry element Economic development projects
General subdivision Environmental aspects
Geographic subdivision Asia
General subdivision Costs
-- Case studies.
Topical term or geographic name entry element Environmental impact analysis --Economic aspects.
General subdivision
--
700 1# - ADDED ENTRY--PERSONAL NAME
Personal name Dixon, John A.,
Dates associated with a name 1946-
710 2# - ADDED ENTRY--CORPORATE NAME
Corporate name or jurisdiction name as entry element Asian Development Bank.
Holdings
Withdrawn status Lost status Source of classification or shelving scheme Damaged status Not for loan Collection code Home library Current library Shelving location Date acquired Cost, normal purchase price Serial Enumeration / chronology Inventory number Full call number Barcode Date last seen Price effective from Koha item type
    Dewey Decimal Classification     Main TEST RTC Library RTC Library Main opac 08/03/2022 3150.00 3075 333.714 DIX 30000430 27/11/2018 27/11/2018 Main
Royal Thimphu College || All Right Reserved